Návrh novostavby v stavebnej preluke pamiatkovo chráneného územia

Saved in:
Bibliographic Details
Main Author: Solčianska, Michaela (Author)
Other Authors: Gregorová, Jana (Thesis advisor)
Format: Manuscript Book
Language:Slovak
Published: 2020
Subjects:
Online Access:http://is.stuba.sk/zp/portal_zp.pl?podrobnosti=159760
https://opac.crzp.sk/?fn=detailBiblioForm&sid=81B8C7E3C61A011F1530351BFB16
Tags: Add Tag
No Tags, Be the first to tag this record!

MARC

LEADER 00000ntm a22000003a 4500
001 stuzp78444
003 SK-STU
005 20230523082255.2
007 ta
008 150427s2015----xo-----f-mn---000-0-slo-d
040 |a STU  |b slo 
041 0 |a slo 
100 1 |a Solčianska, Michaela  |u 010310  |4 aut  |U SvF Stavebná fakulta  |T SvF Katedra architektúry  |X 80924  |U V181|V310  |Y 19  |7 80924 
242 0 1 |a Design of a new building in the historical mansion  |y eng 
245 1 0 |a Návrh novostavby v stavebnej preluke pamiatkovo chráneného územia 
260 |c 2020 
650 4 |a preluka  |2 slo 
650 4 |a pamiatkovo chránené územie  |2 slo 
650 4 |a polyfunkcia  |2 slo 
650 4 |a vacant lot  |2 eng 
650 4 |a protected area  |2 eng 
650 4 |a polyfunction  |2 eng 
700 1 |a Gregorová, Jana  |u 010310  |k Z1  |4 ths  |U SvF Stavebná fakulta  |T SvF Katedra architektúry  |X 420  |U V181|V310  |Y 19  |7 A000000420 
856 4 |u http://is.stuba.sk/zp/portal_zp.pl?podrobnosti=159760 
856 4 |u https://opac.crzp.sk/?fn=detailBiblioForm&sid=81B8C7E3C61A011F1530351BFB16